| 000 | 01503nam0a2200325 4500 | ||
|---|---|---|---|
| 001 | RU\NLR\bibl\1062637 | ||
| 005 | 20241119141227.0 | ||
| 020 |
_aRU _b06-17738 _9Летопись авторефератов диссертаций |
||
| 021 |
_aRU _b2006-12586а _9504а |
||
| 035 | _a(NLR Aleph) 001049903 | ||
| 090 |
_a871918 _c871918 |
||
| 100 | _a20061214d2006 u u0rusy50 ca | ||
| 101 | 0 | _arus | |
| 102 | _aRU | ||
| 105 | _ay dm ||||| | ||
| 200 | 1 |
_aПроблемы и перспективы становления постиндустриального социума в России _e(социально-философский анализ) _eавтореф. дис. на соиск. учен. степ. канд. филос. наук _eспециальность 09.00.11 <Соц. философия> _fИлизаров Леонид Годович _g[Моск. гос. ун-т упр. Правительства Москвы] |
|
| 210 |
_aМосква _d2006 |
||
| 215 |
_a21 с. _d21 |
||
| 320 | _aБиблиогр.:21 с. (3 назв.) и в подстроч. примеч. | ||
| 610 | 0 | _aРоссийская Федерация, филос. науки | |
| 675 |
_a316.3(470) _v3 _zrus |
||
| 686 |
_a04 _2rugasnti |
||
| 686 |
_a60.5 _2rubbk |
||
| 686 |
_a09.00.11 _2oksvnk |
||
| 700 | 1 |
_aИлизаров _bЛ. Г. _gЛеонид Годович _4070 |
|
| 801 | 0 |
_aRU _bRKP _c20061214 _gPSBO |
|
| 801 | 1 |
_aRU _bRKP _c20061214 |
|
| 801 | 2 |
_aRU _bNLR _c20070322 _grcr |
|
| 942 | _cBOOK | ||